Μοντάζ ταινίας μυθοπλασίας μικρού μήκους : πτυχιακή εργασία

Αποθηκεύτηκε σε:
Λεπτομέρειες βιβλιογραφικής εγγραφής
Κύριος συγγραφέας: Κάσσου, Άννα
Συγγραφή απο Οργανισμό/Αρχή: Πανεπιστήμιο Αιγαίου. Σχολή Κοινωνικών Επιστημών. Τμήμα Πολιτισμικής Τεχνολογίας και Επικοινωνίας
Άλλοι συγγραφείς: Σπηλιωτοπούλου, Αγγελική, Κουτσιαμπασάκος, Δημήτρης (Εισηγητής διατριβής)
Μορφή: Thesis Βιβλίο
Γλώσσα:Greek
Δημοσίευση: Μυτιλήνη : Πανεπιστήμιο Αιγαίου, Τμήμα Πολιτισμικής Τεχνολογίας και Επικοινωνίας, 2005
Θέματα:
Διαθέσιμο Online:http://hdl.handle.net/11610/10579
Ετικέτες: Προσθήκη ετικέτας
Δεν υπάρχουν, Καταχωρήστε ετικέτα πρώτοι!

MARC

LEADER 00000cam a2200000 i 4500
001 1/23990
008 060210s2005 gre d
035 |l 10082567 
040 |a GR-MY-UA  |b gre  |e aacr 
041 0 |a gre 
082 0 |a 778.535  |2 (22) 
100 1 |a Κάσσου, Άννα. 
245 1 0 |a Μοντάζ ταινίας μυθοπλασίας μικρού μήκους :  |b πτυχιακή εργασία /  |c Κάσσου Άννα, Σπηλιωτοπούλου Αγγελική ; υπεύθυνος καθηγητής Κουτσιαμπασάκος Δημήτρης 
260 |a Μυτιλήνη :   |b Πανεπιστήμιο Αιγαίου, Τμήμα Πολιτισμικής Τεχνολογίας και Επικοινωνίας,   |c 2005 
300 |a 80 σ.;  |c 30 εκ. 
502 |a Πτυχιακή εργασία – Πανεπιστήμιο Αιγαίου, Λέσβος, 2005. 
504 |a Βιβλιογραφία: 79-80 
650 0 0 |a Motion pictures  |x Editing. 
650 0 0 |a Dissertations, Academic  |z Greece. 
700 1 |a Σπηλιωτοπούλου, Αγγελική. 
700 0 |a Κουτσιαμπασάκος, Δημήτρης.  |4 ths 
710 2 |a Πανεπιστήμιο Αιγαίου.   |b Σχολή Κοινωνικών Επιστημών.   |b Τμήμα Πολιτισμικής Τεχνολογίας και Επικοινωνίας. 
852 |a INST  |b LESVOS  |c DIATR  |e 20060210  |h 123  |p 005100034305  |q 005100034305  |t DIE  |y 23 
852 |a INST  |b LESVOS  |c DIATR  |e 20060227  |h 124  |p 005100035660  |q 005100035660  |t DIE  |y 23 
856 |u http://hdl.handle.net/11610/10579 
901 |a BIBL1-2006-1 
909 |a Λ  |b 125312 
909 |a Λ  |b 125313 
924 |a ΚΑΣΣΟΥ  |b ΑΝΝΑ  |y ΛΕΣΒΟΣ  |z 2005-11 
924 |a ΣΠΗΛΙΩΤΟΠΟΥΛΟΥ  |b ΑΓΓΕΛΙΚΗ  |y ΛΕΣΒΟΣ  |z 2005-11 
970 |a ΜΑΡΙΝΑΤΟΥ  |b ΜΥΡΣΙΝΗ  |z 2006/02/10